[Event "7th Uppsala Young Champions"]
[Site "Uppsala"]
[Date "2020.10.23"]
[Round "1.1"]
[White "Blohberger, Felix"]
[Black "Wernberg, Hugo"]
[Result "1-0"]
[WhiteElo "2467"]
[BlackElo "2211"]
[Annotator "TA"]
[PlyCount "55"]
[EventDate "2020.10.23"]
[EventType "swiss"]
[EventCountry "SWE"]
[SourceTitle "playchess.com"]
[Source "ChessBase"]
[SourceQuality "1"]

{[%evp 9,55,-24,-8,-28,-10,-19,8,-20,100,93,103,106,170,89,93,99,88,91,84,91,104,101,172,188,222,67,108,73,70,66,79,73,137,131,167,115,119,114,108,130,365,342,312,174,1493,1459,29971,5465]} 1. Nf3 d5 2. g3 c5 3. Bg2 Nc6 4. O-O e5 5. d3 Be7 6. Na3 {A08: King's Indian Attack.} Be6 {[#]} 7. c3 $146 ({Predecessor:} 7. e4 d4 8. Nc4 f6 9. a4 Qd7 10. Ne1 g5 11. f4 gxf4 12. gxf4 O-O-O 13. f5 Bxc4 14. dxc4 {1-0 (61) Wynn,Z (2407)-Ismail,A (2059) Nay Pyi Taw 2013}) 7... g5 8. e4 {Threatens to win with Nxg5!The position is equal.} g4 {[#]} (8... d4 $11 {keeps the balance.}) 9. Ng5 $1 $16 {[%cal Rg5e6][%mdl 512]} Bxg5 10. Bxg5 f6 (10... Qxg5 $16 11. exd5 Bxd5 12. Bxd5 Nge7) 11. Be3 (11. Qb3 $1 $18) 11... d4 12. cxd4 Nxd4 13. Nc2 Qd7 14. b4 Qa4 15. Rc1 b6 (15... Ne7 $16 {keeps fighting.}) 16. bxc5 $18 bxc5 17. Qd2 $2 (17. f4 $18) 17... Ne7 18. Bxd4 cxd4 19. Nb4 {Black must now prevent Nd5.} O-O $1 {[#]} 20. Nd5 $1 {[%cal Rd5e7]} Nxd5 (20... Bxd5 $142 21. exd5 Rad8) 21. exd5 $16 Bf5 22. Rc7 (22. d6 $18 Rad8 23. Bd5+ Kh8 24. Rc7) 22... Rac8 23. d6 $36 {[%mdl 2048] aiming for Bd5+. White is in control.} Rxc7 24. dxc7 Qa6 $2 {This move loses the game for Black.} (24... Kg7 $16 25. Rc1 Qb5) 25. Rc1 Bc8 {[#]} 26. Bd5+ (26. Qb4 $142 $1 {And now Bd5+ would win.} Qe6 27. Qc5) 26... Be6 $2 (26... Kg7 27. f3 gxf3) 27. Rc6 $18 {[%mdl 64] Double Attack} Qb7 28. Bxe6+ {Av CentiPawn Loss W=-67/B=-122. Weighted=-42/-146} 1-0

[Event "7th Uppsala Young Champions"]
[Site "Uppsala"]
[Date "2020.10.23"]
[Round "1.2"]
[White "Nilssen, Ellen Fredericia"]
[Black "Seo, Jung Min"]
[Result "1/2-1/2"]
[WhiteElo "2209"]
[BlackElo "2455"]
[Annotator "TA"]
[PlyCount "226"]
[EventDate "2020.10.23"]
[EventType "swiss"]
[EventCountry "SWE"]
[SourceTitle "playchess.com"]
[Source "ChessBase"]
[SourceQuality "1"]

{[%evp 9,226,27,27,29,24,23,31,23,33,24,29,26,29,14,31,30,39,8,46,57,44,37,43,32,44,46,41,45,42,39,66,15,16,9,7,9,11,0,7,0,0,0,4,0,0,0,0,0,29,20,39,36,47,16,13,13,12,0,0,0,0,0,3,6,20,0,0,0,13,25,129,118,127,79,67,14,13,13,15,15,59,39,50,0,0,0,0,0,0,0,0,0,0,0,0,-8,-8,-8,-8,-8,-8,-8,-8,-8,-8,-8,-8,-8,-8,-8,-8,-8,-8,-8,-8,-8,-8,-8,-8,-8,-8,-8,-8,-8,-8,-8,-8,-8,-8,-8,-8,-8,-8,-8,-8,-8,-8,-8,0,-8,-8,-8,-8,-8,-8,-8,-8,-8,-8,-8,-8,-8,-8,-8,-8,-8,-8,-8,0,-8,-8,-8,-6,-8,-8,-8,-8,-8,0,0,0,0,0,0,0,0,0,0,0,0,0,-8,0,0,0,0,0,0,0,0,0,0,0,-8,0,-8,0,0,0,0,0,0,0,-8,0,0,0,0,0,0,0,0,0,0,0,0,0,0,0]} 1. d4 Nf6 2. c4 e6 3. Nf3 d5 4. Nc3 a6 5. cxd5 exd5 6. Bg5 {D37: Queen's Gambit Declined: 5 Bf4.} Be6 7. e3 Nbd7 8. Bd3 {White is slightly better.} Bd6 9. O-O c6 10. Qd2 Qc7 11. h3 O-O 12. Bf4 h6 13. b4 {[#]} Nh5 $146 {[%cal Rh5f4]} ({Predecessor:} 13... b5 14. Ne2 Nb6 15. Bxd6 Qxd6 16. Ne5 Nfd7 17. Qc3 Nc4 18. Nxd7 Qxd7 19. Nf4 Bf5 {0-1 (47) Sarana,A (2543)-Rakhmanov,A (2654) Sochi 2017}) 14. Bxd6 Qxd6 15. a4 Nhf6 16. a5 Ne8 17. Na4 Qe7 18. Nc5 Nd6 19. Rfc1 Rfc8 20. Rc2 ({Better is} 20. Ne5 $14) 20... Nf6 $11 21. Ne5 Bf5 22. Bxf5 Nxf5 23. Re1 Nd6 24. f3 Re8 25. Qf2 Rac8 26. g4 Nh7 27. Qg3 Nf8 28. Rg2 f6 29. Ned3 Nc4 30. e4 dxe4 $1 31. Rxe4 (31. fxe4 {keeps more tension.} Ng6 32. e5 fxe5 33. dxe5 Rcd8 34. e6) 31... Qf7 $1 32. Rge2 Rxe4 33. Rxe4 Rd8 34. Qe1 Ng6 35. h4 f5 36. gxf5 Qxf5 37. Re8+ Rxe8 38. Qxe8+ Kh7 39. Qe4 Nd6 (39... Qf6 $11 {keeps the balance.} 40. h5 {[%mdl 64] Pin} Qg5+ {[%mdl 64] Double Attack} 41. Qg4 Nh4 42. Qxg5 hxg5) 40. Qxf5 $16 Nxf5 {[%mdl 4096] Endgame KNN-KNN} 41. d5 {[#] Strongly threatening dxc6.} Nge7 ({Wrong is} 41... Ngxh4 $2 42. dxc6 bxc6 43. Kf2 $18) ({Of course not} 41... cxd5 42. Nxb7 Ngxh4 43. Kf2) 42. dxc6 (42. Nxb7 $14 Nxd5 43. Nbc5) 42... Nxc6 $11 43. Nxb7 Nxh4 44. Kf2 Ng6 45. Nbc5 (45. Ke3 $5 {[%cal Rb7c5]}) 45... Nb8 46. b5 axb5 {The position is equal.} 47. a6 {aiming for a7.} Nc6 48. Nb7 Nge7 49. Nd6 Na7 50. Ke3 Nec6 51. Ke4 h5 52. f4 Kg6 53. f5+ Kf6 54. Kf4 g5+ 55. fxg6 $1 Kxg6 56. Ne4 b4 57. Nec5 Kf6 58. Ne4+ Ke6 59. Kg5 Kd5 {[#]} 60. Nxb4+ $1 {[%mdl 512]} Nxb4 61. Nf6+ Ke6 (61... Kc4 {seems wilder.} 62. Nxh5 Nxa6 63. Nf4 Nc7 64. Kf5 Nab5) 62. Nxh5 Nxa6 (62... Ke5 {with more complications.} 63. Nf6 Nd3 64. Nd7+ Kd6 65. Nf6 Nb2) 63. Nf4+ Kd6 64. Kf5 Nc6 65. Nd3 Nc7 66. Ke4 Ne6 67. Nf4 Nc5+ 68. Kf5 Nd4+ 69. Kf6 Ne4+ 70. Kg6 Ke5 71. Nd3+ Ke6 72. Nf4+ Ke7 73. Nd5+ Kd6 74. Nf6 Nc5 75. Ng4 Ke6 76. Kg5 Ne2 77. Nf2 $1 Ke5 78. Ng4+ Ke4 79. Nf6+ $1 Kf3 80. Kf5 Nb3 81. Nd5 Nbd4+ 82. Ke5 Nc6+ 83. Kd6 Ncd4 84. Ke5 Nc2 85. Nf6 Ne3 86. Ke6 Nd4+ 87. Ke5 Nb5 88. Nd7 Na3 89. Kd4 Nb5+ 90. Kc5 Nc3 91. Kd4 Ne2+ 92. Ke5 Nc4+ 93. Kd5 Nd2 94. Ne5+ Kg3 95. Nd3 Nf3 96. Nc5 Kf2 97. Ke4 Ng3+ 98. Kd3 $1 Ng5 99. Nb3 Kf3 100. Nd4+ Kg4 101. Ne2 Nf5 102. Nd4 Nd6 103. Ne2 $1 Ne6 104. Nc3 Nf4+ 105. Kd4 Kf5 106. Nd5 Ne6+ 107. Kd3 Ke5 108. Nb6 Nf5 109. Nc4+ Kf4 110. Kc3 Nc5 111. Kb4 Nd3+ 112. Kb5 Nd4+ 113. Kb6 Ke4 {Av CentiPawn Loss W=-4/B=-3. Weighted=-3/-3} 1/2-1/2

[Event "7th Uppsala Young Champions"]
[Site "Uppsala"]
[Date "2020.10.23"]
[Round "1.3"]
[White "Pantzar, Milton"]
[Black "Trost, Edvin"]
[Result "1-0"]
[WhiteElo "2410"]
[BlackElo "2202"]
[Annotator "TA"]
[PlyCount "65"]
[EventDate "2020.10.23"]
[EventType "swiss"]
[EventCountry "SWE"]
[SourceTitle "playchess.com"]
[Source "ChessBase"]
[SourceQuality "1"]

{[%evp 13,65,0,22,11,35,37,33,39,37,41,39,30,37,41,43,52,36,51,35,28,43,0,2,14,116,75,139,0,0,0,0,0,70,52,149,148,187,120,114,96,112,106,121,51,170,168,178,193,363,345,740,666,914,893]} 1. d4 Nf6 2. c4 e6 3. Nc3 Bb4 4. f3 c5 5. d5 d6 6. e4 O-O 7. Nge2 b5 8. Nf4 {E20: Nimzo-Indian: 4 g3 and 4 f3.} ({Reject} 8. cxb5 exd5 9. exd5 Bb7 $15) 8... bxc4 9. Bxc4 {[%cal Rd5e6]} Bxc3+ 10. bxc3 {[%cal Rd5e6] White is slightly better.} e5 11. Ne2 {[#]} Qa5 $146 ({Predecessor:} 11... Nfd7 12. Bd3 Qa5 13. Bd2 c4 14. Bxc4 Qc7 15. Bb3 Nc5 16. O-O a5 17. Bc2 Nbd7 {1-0 (46) Wang,H (2725)-Wen,Y (2586) Changsha 2019}) 12. O-O Nbd7 {[%cal Bb8d7,Bd7b6,Bb6c4][%mdl 32]} 13. Be3 Nb6 14. Bd3 Ba6 15. Bxa6 Qxa6 16. Ng3 Nc4 17. Qe2 Qa4 18. Nf5 Rfe8 (18... Nd7 $11 {keeps the balance.}) 19. Qf2 Nh5 {[#]} (19... Kh8 $142) 20. f4 (20. Bh6 $1 $16 {[%mdl 512]} f6 (20... gxh6 21. Qh4) 21. Qh4) 20... Nxe3 $11 21. Qxe3 exf4 22. Qf3 g6 (22... Qxe4 $11 23. Qxh5 Re5) 23. Nxd6 $14 {aiming for g4.} Re7 {[#]} (23... Re5 $1 $14) 24. Rae1 $1 $16 Rd8 25. Nf5 (25. e5 $18) 25... Re5 26. Nh6+ Kg7 27. Ng4 $36 {[%mdl 2048] White is on the roll.} Ree8 28. Re2 ({White should play} 28. e5 $16 {Hoping for Re4.} Qxa2 29. d6) 28... f6 {[#]} ({Better is} 28... Qc4 $14) 29. e5 $1 $18 fxe5 30. Nxe5 ({Don't do} 30. Rxe5 $6 Rxe5 31. Nxe5 Qxa2 $11) 30... Rd6 $2 (30... Qa6 31. c4 Qf6) 31. c4 {Threatens to win with g4.} Kg8 $2 (31... Rf6 32. Ng4 Rxe2 33. Qxe2 f3 34. Rxf3 Rxf3) 32. g4 Nf6 33. Qxf4 {Av CentiPawn Loss W=-18/B=-53. Weighted=-24/-50} 1-0

[Event "7th Uppsala Young Champions"]
[Site "Uppsala"]
[Date "2020.10.23"]
[Round "1.4"]
[White "Rasti, Arvin"]
[Black "Storme, Isak"]
[Result "1/2-1/2"]
[WhiteElo "2201"]
[BlackElo "2393"]
[Annotator "TA"]
[PlyCount "104"]
[EventDate "2020.10.23"]
[EventType "swiss"]
[EventCountry "SWE"]
[SourceTitle "playchess.com"]
[Source "ChessBase"]
[SourceQuality "1"]

{[%evp 22,104,16,8,26,0,15,-50,-49,-47,-45,-36,-39,-40,0,0,0,0,0,0,0,0,0,0,0,0,0,0,0,0,0,0,0,0,0,0,0,0,0,0,0,0,0,0,0,0,0,0,0,0,0,0,0,0,0,0,0,0,0,0,0,0,0,0,0,0,0,0,0,0,0,0,0,0,0,0,0,0,0,0,0,0,0,0,0]} 1. d4 Nf6 2. c4 g6 3. Nc3 d5 4. cxd5 Nxd5 5. e4 Nxc3 6. bxc3 Bg7 7. Bc4 c5 8. Ne2 O-O 9. Be3 Nc6 10. h4 cxd4 11. cxd4 Qa5+ 12. Kf1 Qa3 {[#] D87: Exchange Grünfeld: Classical Line: Variations without ...cxd4.} 13. Rb1 $146 ({Predecessor:} 13. h5 Bg4 14. hxg6 hxg6 15. Rb1 Rac8 16. Rh4 Bxe2+ 17. Bxe2 Qxa2 18. d5 Nd4 19. Bd3 Rc3 20. e5 {½-½ (31) Gumularz,S (2513)-Xiong,J (2709) chess.com INT 2020}) 13... Bg4 14. Bb3 ({Better is} 14. h5 $11) 14... Bxe2+ {Black is slightly better.} 15. Kxe2 Bxd4 16. Bxd4 {[#] Threatens to win with Bb2.} Rad8 17. Bd5 $1 {h5 is the strong threat.} Nxd4+ (17... e6 {looks sharper.} 18. Bxc6 bxc6 19. Qc1 Qxc1 20. Rhxc1 Rxd4 21. Ke3 Ra4) 18. Qxd4 {Hoping for Qe3.The position is equal.} e6 19. Rxb7 exd5 20. Rxa7 dxe4 21. Rxa3 Rxd4 $11 {[%mdl 4096] Endgame KRR-KRR} 22. Rd1 Rc4 23. Ra7 Rb8 24. g3 Rc3 25. Rd2 h5 26. a4 Ra3 27. a5 Kg7 28. a6 e3 29. fxe3 Rbb3 30. Kf1 {[#] Strongly threatening Rf2.} Rxe3 31. Rf2 Rf3 32. Rxf3 Rxf3+ {KR-KR} 33. Kg2 Ra3 34. Kf2 Kf6 35. Kg2 Ke6 36. Kf2 f6 37. Rg7 Kf5 38. a7 g5 39. Ke2 Kg4 40. hxg5 fxg5 41. Kd2 h4 42. gxh4 Kxh4 43. Kc2 g4 44. Kb2 Ra6 45. Kc3 g3 46. Kc4 Kh3 47. Kb5 Ra1 48. Kb6 g2 49. Kb7 Kh2 50. a8=Q Rxa8 51. Kxa8 g1=R 52. Rxg1 Kxg1 {Av CentiPawn Loss W=-2/B=-1. Weighted=-2/-2} 1/2-1/2

[Event "7th Uppsala Young Champions"]
[Site "Uppsala"]
[Date "2020.10.23"]
[Round "1.5"]
[White "Sorensen, Hampus"]
[Black "Urh, Zala"]
[Result "1/2-1/2"]
[WhiteElo "2393"]
[BlackElo "2195"]
[Annotator "TA"]
[PlyCount "137"]
[EventDate "2020.10.23"]
[EventType "swiss"]
[EventCountry "SWE"]
[SourceTitle "playchess.com"]
[Source "ChessBase"]
[SourceQuality "1"]

{[%evp 9,137,26,33,14,17,21,5,2,30,10,14,8,6,10,30,21,41,24,39,44,36,37,30,22,52,14,16,0,0,0,0,0,0,0,0,0,0,-26,-25,-25,-30,-28,-23,-37,-34,-48,-42,-41,0,-41,8,-28,0,-4,457,39,43,0,0,-60,0,0,15,-63,-51,-51,-35,-34,0,-72,-67,-106,-125,-252,-217,-325,-294,-379,-142,-135,-135,-582,-212,-180,-13,-215,-226,-779,-687,-711,-708,-693,-681,-890,-674,-652,-637,-983,-1147,-1089,-897,-895,-901,-886,-868,-827,-529,-479,-156,-160,-171,-179,-174,-163,-127,-125,-59,-56,-7,-7,-7,-7,-7,-7,-7,-7,0,0,0,0]} 1. d4 Nf6 2. c4 e6 3. Nf3 d5 4. Bg5 h6 5. Bxf6 Qxf6 6. Qb3 {D30: Queen's Gambit Declined: Systems without Nc3.} c6 7. e3 Nd7 8. Nbd2 g6 9. Bd3 Bg7 10. O-O O-O {[#]} 11. Rfe1 $146 ({Predecessor:} 11. Rac1 b6 12. cxd5 exd5 13. Qa4 c5 14. Ba6 Qe6 15. Rc2 Bxa6 16. Qxa6 cxd4 17. exd4 {1-0 (44) Erdos,V (2603)-Low,Z (2413) Biel 2019}) 11... dxc4 12. Nxc4 c5 13. Qa3 cxd4 14. exd4 Rd8 15. Rac1 Bf8 16. Qa4 Nb8 17. Na5 Bd7 18. Bb5 Bxb5 19. Qxb5 b6 20. Nc4 Nd7 21. Ne3 Qf4 22. Rc4 a6 23. Qb3 {next d5 is good for White.} b5 24. Rc6 Nf6 25. a4 bxa4 26. Qxa4 a5 27. Nc4 Bb4 28. Rd1 g5 29. h3 h5 30. Nce5 Nd5 31. Qc2 Kg7 $2 {[%mdl 8192] [#]} (31... Ne7 $11 {and Black is okay.}) 32. g3 $2 ({White should try} 32. Nxf7 $1 $18 {[%mdl 512]} Qf5 (32... Qxf7 33. Nxg5) 33. Qxf5 exf5 34. Nxd8 Rxd8 35. Nxg5) 32... Qf6 $14 33. Qc1 (33. Nxf7 $5 Kxf7 34. Qh7+ {[%mdl 64] Double Attack} Kf8 35. Qxh5 $16) 33... Be7 34. Re1 (34. h4 $11 gxh4 35. Nxh4) 34... Rh8 (34... Qf5 $1 $15) 35. Kg2 Qf5 36. Qd1 (36. Nxf7 $1 $11 Qxf7 37. Nxg5 Bxg5 38. Qxg5+ Qg6 39. Qe5+ Qf6 40. Rxe6 Qxe5 41. R1xe5) 36... g4 $15 37. Ng1 $1 {[%cal Rh3g4]} gxh3+ 38. Nxh3 Rab8 39. Rc2 (39. Nxf7 $11 {remains equal.} Qxf7 40. Rexe6) 39... Rb3 $36 {[%mdl 2048] White is under pressure.} 40. Rd2 a4 $1 41. Rd3 (41. Nd3 $17) 41... Rhb8 $19 42. Rxb3 (42. Re2 $142) 42... Rxb3 43. Nc4 Bf6 $2 (43... h4 $19 {And now ...hxg3 would win.} 44. Re5 Qg6) 44. Nd6 $17 {[#]} Qg4 $1 45. Qd2 $2 {[%mdl 8192]} (45. Ne8+ $17 Kg6 46. Qc2+ Qf5 47. Qxf5+ Kxf5 48. Nxf6 Kxf6 49. Ra1) 45... Kf8 $2 (45... Be7 46. Ne8+ Kf8) 46. Ne4 $19 {[#]} Be7 $2 (46... h4 $1 $19 {[%cal Rh4g3]} 47. Nxf6 Qf3+ 48. Kf1 Nxf6) 47. Kh2 $2 (47. Qh6+ $1 $11 {and White stays safe.} Qg7 48. Qxg7+ Kxg7 49. Ra1) 47... h4 48. Rc1 $2 (48. Qh6+ Qg7 49. Qxg7+ Kxg7 50. Re2) 48... Kg7 49. Nc3 hxg3+ 50. fxg3 Bd6 51. Rg1 Nxc3 {[%mdl 64] Overworked Piece} 52. bxc3 a3 {[%cal Ba4a3,Ba3a2][%mdl 32]} 53. Nf2 Qh5+ 54. Kg2 Rb2 55. Qe3 a2 56. Ra1 Qd5+ ({Stronger than} 56... Rb1 57. Rxa2 Qd5+ 58. Kh2 $11) 57. Qf3 Qb3 58. Rh1 {intending Rh7+.} Qb7 $2 (58... Kf8 $19 {has better winning chances. Strongly threatening ...Ke7.} 59. Rh8+ Ke7) 59. Qxb7 $17 Rxb7 {[%mdl 4096] Endgame KRB-KRN} 60. Ra1 Rb2 {Threatens to win with ...Rc2.} 61. Kf3 Rc2 62. Nd1 f5 (62... Be7 $17 {aiming for ...Bg5.} 63. Ne3 Rd2) 63. Ne3 $15 Rh2 64. Ng2 {The position is equal.} Rh3 65. Nf4 Bxf4 66. Kxf4 Rh2 67. g4 fxg4 68. Kxg4 Kf6 69. Kf4 {What a bad dream for Black. Av CentiPawn Loss W=-44/B=-45. Weighted=-63/-56} 1/2-1/2

[Event "7th Uppsala Young Champions"]
[Site "Uppsala"]
[Date "2020.10.23"]
[Round "1.6"]
[White "Olsson, William"]
[Black "Kucuksari, Kaan"]
[Result "0-1"]
[WhiteElo "2192"]
[BlackElo "2384"]
[Annotator "TA"]
[PlyCount "88"]
[EventDate "2020.10.23"]
[EventType "swiss"]
[EventCountry "SWE"]
[SourceTitle "playchess.com"]
[Source "ChessBase"]
[SourceQuality "1"]

{[%evp 9,88,20,18,18,24,15,18,19,41,28,41,29,45,5,25,33,57,42,50,38,50,31,26,27,45,29,12,12,21,18,10,27,15,-2,18,13,14,0,0,0,0,-21,-22,-100,-98,-86,-47,-118,-120,-287,-295,-280,-85,-60,-68,-74,-65,-97,-84,-106,-89,-83,-57,-43,-2,-2,-5,-13,-10,-8,334,268,304,56,38,53,203,47,29997,29998,29998]} 1. c4 Nf6 2. Nc3 e6 3. e4 d6 4. Nf3 c5 5. Be2 e5 6. O-O {A34: Symmetrical English: 2 Nc3, lines with ...d5.} g6 {[#]} 7. Rb1 $146 ({Predecessor:} 7. d3 Bg7 8. Bg5 Be6 9. Qd2 O-O 10. Bh6 Nc6 11. Bxg7 Kxg7 12. Rfe1 Nh5 13. Ng5 {0-1 (21) Wambugu Wanjiru,J-Sukhu,G (1706) Turin 2006}) 7... Nc6 8. a3 {The position is equal.} a5 9. d3 Bg7 10. Ne1 O-O 11. b3 Nd7 12. Nc2 f5 13. exf5 gxf5 14. f4 Kh8 15. Nd5 Nf6 16. Nxf6 Qxf6 17. b4 axb4 18. axb4 Ra2 19. bxc5 dxc5 20. Rb2 Ra6 21. Rb5 b6 22. Bb2 Bd7 23. Bf3 Qh6 24. Rb3 exf4 25. Bxg7+ Qxg7 26. Qd2 (26. d4 $11) 26... Ra2 $17 {[%cal Ba6a2,Ba2b2,Bb2e2][%mdl 32] [#] Hoping for ...Nd4.} 27. Ra3 Rb2 {Strongly threatening ...Nd4.} 28. Qd1 ({White should try} 28. Qc1 $1 $15) 28... Rg8 29. Kh1 $2 (29. Rf2 $17 {was necessary.}) 29... Nd4 $19 30. Ne1 Bc6 $2 (30... Nxf3 $19 {has better winning chances.} 31. Qxf3 Bc8) 31. Bxc6 $17 Nxc6 32. Qa1 Re2 33. Qxg7+ Kxg7 34. Ra1 Rge8 35. Nf3 Rb2 36. Nh4 Nd4 {Threatens to win with ...Kf6.} 37. Rxf4 Re5 38. Nf3 Ne6 39. Rh4 (39. g3 $5 {[%cal Rf3e5]} Nxf4 40. Nxe5 $11) 39... Rbe2 $2 {[%mdl 8192]} (39... Re3 $11) 40. Ra7+ Kg6 {And now ...Re1+! would win.} 41. Raxh7 $2 (41. Kg1 $18 h5 42. Nxe5+ Rxe5 43. Re7) 41... Re1+ $1 $14 42. Ng1 R5e3 (42... Kg5 $14) 43. g3 $2 (43. R4h6+ $18 Kg5 44. h4+ Kf4 45. Kh2) 43... Nd4 $2 {[%mdl 8192] [#]} (43... f4 $14) 44. R4h6+ Kg5 {[%mdl 32768] White used his chance. Av CentiPawn Loss W=-23/B=-51. Weighted=-40/-77. Sensor Board Error (Ke4/e5)?} 0-1

[Event "7th Uppsala Young Champions"]
[Site "Uppsala"]
[Date "2020.10.23"]
[Round "1.7"]
[White "Heimisson, Hilmir Freyr"]
[Black "Crevatin, Leo"]
[Result "1/2-1/2"]
[WhiteElo "2352"]
[BlackElo "2181"]
[Annotator "TA"]
[PlyCount "132"]
[EventDate "2020.10.23"]
[EventType "swiss"]
[EventCountry "SWE"]
[SourceTitle "playchess.com"]
[Source "ChessBase"]
[SourceQuality "1"]

{[%evp 9,132,0,18,15,19,-1,-22,-4,1,-33,-35,-80,-67,-87,-76,-108,-110,-162,-143,-251,-242,-243,-236,-238,-253,-337,-341,-469,-453,-461,-304,-291,-218,-354,-352,-341,-225,-255,-202,-277,-260,-369,-356,-325,-254,-246,-215,-215,-217,-218,-214,-218,-213,-268,-204,-218,-218,-236,-207,-228,-217,-235,-71,-72,0,-224,-217,-348,-336,-1427,-1592,-1270,-575,-423,-290,-583,-325,-1333,-1461,-1404,-1272,-1158,-930,-12841,-12842,-12844,-12844,-12845,0,0,0,0,0,0,-28000,-28000,-28000,-28000,-28000,-28000,-28000,-28000,-28000,-28000,-28000,-28000,-28000,-28000,-28000,-28000,-28000,-28000,-28000,-28000,-28000,-28000,-28000,-28000,-28000,-28000,-28000,-28000,-28000,-28000,-28000]} 1. c4 e6 2. g3 d5 3. Bg2 dxc4 4. Nf3 a6 5. O-O Nc6 6. Qc2 {A13: English Opening: 1...e6.} e5 7. Na3 Bxa3 8. bxa3 {[#] The position is equal.} Be6 $146 ({Predecessor:} 8... Nge7 9. Qxc4 Be6 10. Qc2 f6 11. Bb2 O-O 12. Rfd1 Qe8 13. d4 exd4 14. Nxd4 Nxd4 15. Bxd4 {0-1 (58) Mandekic,I (2208)-Doncea,V (2404) Malinska 2015}) 9. Rb1 Rb8 10. d3 cxd3 11. exd3 Nge7 12. Re1 f6 13. Bb2 (13. a4 $17) 13... Bxa2 $19 14. d4 (14. Rbd1 $17) 14... Bxb1 ({Don't do} 14... Nxd4 15. Nxd4 Bxb1 16. Rxb1 $17) 15. Qxb1 {[%cal Rd4e5]} Nxd4 16. Nxd4 exd4 17. Be4 c5 18. Bxh7 Kf8 19. Bc1 Rxh7 20. Qxh7 Qd5 21. h4 (21. Qh8+ $142 Qg8 22. Qh5) 21... Re8 22. g4 c4 23. h5 {White wants to play h6.} Qf3 24. h6 {[%csl Gh6][%cal Rh7g7]} Qxg4+ 25. Kh2 {[#]} (25. Kf1 $142 Kf7 26. Re4 Qh3+ 27. Kg1 $1 {[%mdl 512]}) 25... Kf7 $1 26. Re4 Qh5+ 27. Kg2 {[%csl Gh6][%cal Rh7g7]} Qg6+ 28. Qxg6+ Nxg6 29. Rxd4 gxh6 30. Rxc4 {[%mdl 4096] Endgame KRB-KRN} h5 31. Rb4 Re7 32. Rb6 Ne5 33. Bb2 Nc6 34. Kg3 Kg6 35. Kf4 Re2 $2 (35... Rh7 $19 {has better winning chances. White must now prevent ...h4.} 36. Rb3 Re7) 36. Kf3 $17 Re7 $2 (36... Re1 $17 37. Rxb7 Ne5+ 38. Bxe5 Rxe5) 37. Kf4 $1 $19 Rh7 38. Rb3 (38. Kg3 {is a better defense.}) 38... h4 39. Kg4 $2 {[#]} (39. Rf3) 39... h3 $1 40. Rxh3 Rxh3 (40... Ne5+ $142 41. Kg3 Rxh3+ 42. Kxh3 Nc4) 41. Kxh3 {KB-KN} Kf5 42. Bc3 $2 (42. a4 {might work better.}) 42... b5 43. Kg3 $2 (43. Kg2) 43... Ne5 44. f3 Nc4 45. Bb4 a5 46. Bc5 Ne5 47. Bb6 b4 48. Bxa5 b3 $2 ({Black should try} 48... bxa3 $19 49. Kg2 Nc4) 49. Bc3 $11 Nc4 50. a4 b2 $2 {[%mdl 8192] [#]} (50... Kg5 $11) 51. Bxb2 $1 {[%mdl 512]} Nxb2 {KN-KPP. Black converts the advantage convincingly.} 52. a5 {Mate.} Nc4 53. a6 Nb6 54. a7 Na8 55. Kg2 Kf4 56. Kf2 f5 57. Ke2 Nc7 58. Kd3 Kxf3 {KN-KP} 59. Kc4 Ke2 60. Kc5 f4 61. Kc6 f3 62. Kxc7 f2 63. a8=Q f1=Q 64. Qa6+ Ke1 65. Qa1+ Kf2 66. Qxf1+ Kxf1 {[%mdl 32768] Av CentiPawn Loss W=-88/B=916. Weighted=-95/453. An unexpected result.} 1/2-1/2